000 00414nam a2200169Ia 4500
001 24719
005 20260414151102.0
008 260414t2019||||xx |||||||||||||| ||spa||
041 _aESP
082 _a345.726
_bP72
245 0 _aSéptimo pleno casatorio civil :
_bercería de propiedad
260 _c2019
300 _a175 páginas :
_c24 cm.
650 _aDER
654 _aCDE
942 _cLIB
_dJUS
_fJUS
_2ddc
_n
999 _c24719
_d24719